[Event "9th Asian Continental"]
[Site "Olongapo City PHI"]
[Date "2010.04.25"]
[Round "5"]
[White "Yu Ruiyuan"]
[Black "Zhou Weiqi"]
[Result "1/2-1/2"]
[WhiteElo "2309"]
[BlackElo "2584"]

1.e4 c5 2.Nf3 e6 3.d4 cxd4 4.Nxd4 Nc6 5.Nc3 d6 6.Be2 Nf6 7.O-O Be7 8.Be3 e5
9.Nb3 Be6 10.f4 exf4 11.Bxf4 O-O 12.Qd3 d5 13.exd5 Nxd5 14.Nxd5 Qxd5 15.Qxd5 Bxd5
16.Rfd1 Rfd8 17.Bc7 Rdc8 18.Rxd5 Rxc7 19.Rad1 g6 20.c3 h5 21.Kf1 Bf6 22.Rd7 Rac8
23.Bf3 Ne5 24.Bxb7 Rxd7 25.Rxd7 Rxc3 26.bxc3 Nxd7 27.c4 Kf8 28.c5 Ke7 29.Ke2 Be5
30.h3 Bh2 31.Kd3 Kd8 32.Kc4 Kc7 33.Bd5 Bg1 34.Kb5 f5 35.Be6 Ne5 36.Nc1 f4
37.Ne2 Be3 38.Nc3  1/2-1/2

[Event "7th Balagne Open"]
[Site "Calvi FRA"]
[Date "2010.04.26"]
[Round "3"]
[White "Prasanna,Ra"]
[Black "Milov,L"]
[Result "1/2-1/2"]
[WhiteElo "2306"]
[BlackElo "2556"]

1.e4 c5 2.Nf3 e6 3.d4 cxd4 4.Nxd4 Nc6 5.Nc3 Qc7 6.Be3 a6 7.Be2 b5 8.Nxc6 Qxc6
9.Bf3 Bb7 10.O-O Qc7 11.e5 Rc8 12.Bxb7 Qxb7 13.Qd3 Ne7 14.Ne4 Nf5 15.Rad1 Be7
16.c3 Rc4 17.f3 Nxe3 18.Qxe3 O-O 19.Rd3 Qc7 20.Nd6 f6 21.Qd2 Rc6 22.Ne4 Qxe5
23.Rxd7 Rf7 24.Rd1 f5 25.Rxe7 Rxe7 26.Qd8+ Kf7 27.Rd7 Rxd7 28.Qxd7+ Kf8 29.Qxc6 fxe4
30.Qxe4 Qg5 31.Kf2 Qd2+ 32.Qe2 Qc1 33.a3 Kf7 34.g3 h6 35.f4 Kf6 36.Kg2 Kf7
37.Kh3 Qb1 38.Kg2 Qc1 39.Qf2 Qd1 40.Qa7+ Kg6 41.Qe3 Kf7 42.Qa7+ Kg6 43.Qf2 Kf7
44.h3 h5 45.Kh2 Kf6 46.Kg2 Kf7 47.Qa7+ Kg6 48.Qe3 Kf7 49.Qf3 Qc2+ 50.Qf2 Qd1
51.Qa7+ Kg6 52.f5+ Kh7 53.fxe6 Qd5+ 54.Kf2  1/2-1/2

[Event "9th Asian Continental"]
[Site "Olongapo City PHI"]
[Date "2010.04.27"]
[Round "7"]
[White "Nolte,R"]
[Black "Rahman,Zia"]
[Result "1-0"]
[WhiteElo "2420"]
[BlackElo "2558"]

1.e4 c5 2.Nf3 e6 3.d4 cxd4 4.Nxd4 Nc6 5.Nc3 Qc7 6.Be2 Nf6 7.O-O Be7 8.Be3 O-O
9.Ndb5 Qb8 10.f4 d6 11.Qe1 a6 12.Nd4 Nxd4 13.Bxd4 e5 14.Be3 b5 15.Qg3 Kh8
16.fxe5 dxe5 17.Bg5 Ng8 18.Nd5 Bxg5 19.Qxg5 Be6 20.Rad1 Rd8 21.Kh1 f6 22.Qh4 Qb7
23.b3 f5 24.Nf4 exf4 25.Rxd8 Rxd8 26.Qxd8 Qxe4 27.Bd3 Qe5 28.Qg5 f3 29.Rxf3 Qa1+
30.Rf1 Qxa2 31.Bxf5 h6 32.Qg6 Bxf5 33.Qxf5 Qb2 34.h3 Qd4 35.Qd3 Qc5 36.Qf5 Qd4
37.Rf3 Qd1+ 38.Kh2 Qd6+ 39.Qf4 Qc6 40.c4 Nf6 41.Rd3 Qe6 42.c5 Kh7 43.b4 g5
44.Rd6  1-0

[Event "ch-SRB"]
[Site "Kragujevac SRB"]
[Date "2010.04.29"]
[Round "11"]
[White "Pikula,D"]
[Black "Pavlovic,Milos"]
[Result "1/2-1/2"]
[WhiteElo "2535"]
[BlackElo "2540"]

1.e4 c5 2.Nf3 e6 3.d4 cxd4 4.Nxd4 Nc6 5.Nc3 a6 6.Be3 Nf6 7.Bd3 d5 8.exd5 exd5
9.h3 Bd6 10.O-O O-O  1/2-1/2

[Event "31st ch-BAN w"]
[Site "Narayanganj BAN"]
[Date "2010.04.29"]
[Round "6"]
[White "Jahan,D"]
[Black "Shamima,A"]
[Result "0-1"]
[WhiteElo "1972"]
[BlackElo "2092"]

1.e4 c5 2.Nf3 Nc6 3.d4 cxd4 4.Nxd4 e6 5.Nc3 Qc7 6.Nxc6 bxc6 7.Be3 a6 8.a3 Nf6
9.Bd3 Bb7 10.Qe2 Be7 11.O-O d5 12.exd5 cxd5 13.Bd4 Bd6 14.g3 h5 15.Bxf6 gxf6
16.Rae1 h4 17.Bf5 hxg3 18.Bxe6 Rxh2 19.Bxd5+ Kf8 20.b4 g2 21.Qe4 Qxc3 22.Bxb7 Rh1+
23.Kxg2 Qh3+  0-1

[Event "TOP 16 GpA"]
[Site "Marseille FRA"]
[Date "2010.04.30"]
[Round "5"]
[White "Naiditsch,A"]
[Black "Philippe,C"]
[Result "1-0"]
[WhiteElo "2691"]
[BlackElo "2428"]

1.e4 c5 2.Nf3 e6 3.d4 cxd4 4.Nxd4 Nc6 5.Nc3 a6 6.Be3 Nf6 7.Qd2 Bb4 8.Bd3 d5
9.a3 Qa5 10.exd5 exd5 11.Nb3 Bxc3 12.Nxa5 Bxd2+ 13.Bxd2 O-O 14.O-O-O Nxa5
15.Bxa5 Be6 16.f3 Rfc8 17.Bc3 Nd7 18.g4 Nc5 19.Be2 Rc6 20.Kb1 Rac8 21.Rd2 f6
22.h4 Bf7 23.h5 h6 24.Rhd1 Re8 25.Bf1 Nd7 26.Bd4 Ne5 27.Rf2 Nc4 28.Bd3 Rce6
29.Ka2 Re1 30.Rxe1 Rxe1 31.b3 Ne5 32.Bf5 Nc6 33.Bc3 Re3 34.Kb2 d4 35.Bd2 Re7
36.Bb4 Nxb4 37.axb4 Bd5 38.Bg6 Bf7 39.Be4 Kf8 40.Rd2 Rd7 41.Ka3 Ke7 42.b5 axb5
43.Kb4 Be8 44.Kxb5 Rd6+ 45.Kc5 b6+ 46.Kb4 Bd7 47.Kc4 Be6+ 48.Kd3 Bc8 49.Rd1 Ba6+
50.Kd2 Bb5 51.Ra1 Rd8 52.Bf5 Kd6 53.Ra7 Re8 54.Rxg7 Re2+ 55.Kd1 Rf2 56.Rf7 Ke5
57.Re7+ Kf4 58.Re4+ Kxf3 59.Rxd4 Be2+ 60.Kd2 Kg3 61.Ke3 Bf1 62.Rd1 b5 63.Ra1 b4
64.Ra7 Rf3+ 65.Kd2 Bh3 66.Rg7 Rf2+ 67.Kc1 Rf1+ 68.Kb2 Rf4 69.Rg6 Kh4 70.c4 Rf2+
71.Kc1 Rf3 72.Bc2 Rf1+ 73.Bd1 f5 74.gxf5 Bxf5 75.Rxh6 Bg4 76.Rd6 Bxh5 77.Kc2 Rf2+
78.Rd2 Bg6+ 79.Kc1 Rf1 80.Rg2 Bf7 81.Kd2 Be6 82.Rg6 Bf5 83.Rb6 Kg5 84.Rxb4 Kf6
85.Rb5 Ke6 86.Bh5 Rg1 87.Kc3 Be4 88.Kd4 Bc6 89.Rb6 Kd7 90.Be8+  1-0

[Event "TOP 16 GpA"]
[Site "Marseille FRA"]
[Date "2010.05.01"]
[Round "6"]
[White "Muzychuk,A"]
[Black "Philippe,C"]
[Result "1-0"]
[WhiteElo "2533"]
[BlackElo "2428"]

1.e4 c5 2.Nf3 e6 3.d4 cxd4 4.Nxd4 Nc6 5.Nc3 a6 6.Nxc6 bxc6 7.e5 Qc7 8.Bf4 f5
9.g4 Ne7 10.gxf5 Nxf5 11.Rg1 g6 12.Bd3 Bg7 13.Bxf5 exf5 14.Qf3 O-O 15.O-O-O Bxe5
16.Bxe5 Qxe5 17.h4 d5 18.h5 Kg7 19.hxg6 hxg6 20.Rde1 Qf6 21.Qf4 Be6 22.Na4 Bf7
23.Nc5 Rad8 24.Re5 Bg8 25.Rge1 g5 26.Qg3 Rd6 27.Re7+ Bf7 28.Nd7 Rxd7 29.Rxd7 f4
30.Qg4 c5 31.Re6  1-0

[Event "ch-CZE"]
[Site "Ostrava CZE"]
[Date "2010.05.01"]
[Round "1"]
[White "Danes,J"]
[Black "Cvek,R"]
[Result "1/2-1/2"]
[WhiteElo "2261"]
[BlackElo "2495"]

1.e4 c5 2.Nf3 e6 3.d4 cxd4 4.Nxd4 Nc6 5.Nc3 Qc7 6.g3 a6 7.Bg2 d6 8.O-O Bd7
9.a4 Nf6 10.Nb3 Be7 11.h3 O-O 12.a5 Nb4 13.Bf4 Rac8 14.Re1 Nc6 15.Be3 Ne5
16.Bb6 Qb8 17.Nd2 Nc4 18.Nxc4 Rxc4 19.Qd3 Rfc8 20.Rad1 e5 21.Rd2 Be6 22.f4 h6
23.Nd5 Bxd5 24.exd5 Nd7 25.fxe5 Bg5 26.Rf2 Nxb6 27.axb6 dxe5 28.d6 Rd4 29.Qf3 Bf6
30.Qxb7 Qxb7 31.Bxb7 Rb8 32.Bxa6 Rxb6 33.c3 Rdxd6 34.Bf1 Rb8 35.Re4 Bd8 36.Kg2 Bb6
37.Rc2 f6 38.b4 Rd1 39.Rc4 f5 40.Rc6 Kh7 41.Be2 Rg1+ 42.Kh2 Re1 43.Bh5 f4
44.Re2 Rxe2+ 45.Bxe2 Rd8 46.Rxb6 Rd2 47.gxf4 Rxe2+ 48.Kg3 Re3+  1/2-1/2

[Event "4NCL 2009-10"]
[Site "Sunningdale ENG"]
[Date "2010.05.01"]
[Round "9"]
[White "McDonald,N"]
[Black "Emms,J"]
[Result "1/2-1/2"]
[WhiteElo "2412"]
[BlackElo "2484"]

1.Nf3 c5 2.e4 e6 3.d4 cxd4 4.Nxd4 Nc6 5.Nc3 d6 6.Be2 Nf6 7.O-O Be7 8.Be3 O-O
9.f4 a6 10.a4 Qc7 11.Kh1 Nxd4 12.Qxd4 Bd7 13.e5 Ne8 14.Ne4 Bc6 15.exd6 Nxd6
16.Nxd6 Bxd6 17.Rad1 Rad8 18.b3 Qe7 19.Bg1 h6 20.Qe3 Qf6 21.c4 a5 22.Bd3 Bb4
23.Be4 Bc5 24.Qf3 Bxg1 25.Kxg1 Qb2 26.Bxc6 bxc6 27.h3 c5 28.Rxd8 Rxd8 29.f5 Qe5
30.fxe6 Qxe6 31.Qf5 Qe7 32.Qf3 Rd2 33.Qa8+ Kh7 34.Qf3 Kg8 35.Qa8+ Kh7 36.Qf3 Kg8
37.Qa8+ Kh7 38.Qf3 Kg8  1/2-1/2

[Event "ch-CAN Junior"]
[Site "Toronto CAN"]
[Date "2010.05.01"]
[Round "3"]
[White "Sapozhnikov,R"]
[Black "Gusev,N"]
[Result "1/2-1/2"]
[WhiteElo "2207"]
[BlackElo "2079"]

1.e4 c5 2.Nf3 e6 3.d4 cxd4 4.Nxd4 Nc6 5.Nc3 d6 6.Be3 Be7 7.Qd2 Nf6 8.f3 a6
9.O-O-O Qc7 10.g4 Na5 11.h4 Nc4 12.Bxc4 Qxc4 13.Kb1 Rb8 14.Nce2 b5 15.Ng3 Qc7
16.g5 Nd7 17.h5 Nb6 18.Qg2 f6 19.Qh3 Rg8 20.Qh4 Nc4 21.Bc1 b4 22.h6 e5 23.Nb3 fxg5
24.Bxg5 gxh6 25.Qh5+ Kd8 26.Bxe7+ Qxe7 27.Nf5 Bxf5 28.exf5 Qf6 29.Qxh6 Qxh6
30.Rxh6 Ke7 31.Rdh1 Rbf8 32.Rxh7+ Rf7 33.R7h4 Ne3 34.Rxb4 Rxf5 35.Nd2 Rh5
36.Re1 Rg2 37.a4 Rxd2 38.Rxe3 Rh1+ 39.Ka2 Rxc2 40.Rb7+ Ke6 41.Rb6 Rhh2 42.Rd3 Ke7
43.Ka3 Rhf2 44.Rxa6 Rxb2 45.Raxd6 Ra2+ 46.Kb3 Rab2+ 47.Kc4 Rxf3 48.Rd7+ Ke6
49.Rxf3 Kxd7 50.Rf6 Kc7 51.Re6 Kb7 52.Kc3 Rh2 53.Kb4 e4 54.Rxe4 Rh5 55.Rg4 Kb6
56.a5+ Kb7  1/2-1/2

[Event "Heroes Day Cup Masters"]
[Site "Bridgetown BAR"]
[Date "2010.05.02"]
[Round "10"]
[White "Hammar,B"]
[Black "Rowe,D"]
[Result "0-1"]
[WhiteElo "2264"]
[BlackElo "2194"]

1.e4 c5 2.Nf3 e6 3.d4 cxd4 4.Nxd4 Nc6 5.Nc3 a6 6.Nxc6 bxc6 7.Bd3 Qc7 8.O-O Nf6
9.f4 Bc5+ 10.Kh1 d5 11.a3 h5 12.Qe2 h4 13.e5 Nh5 14.Be3 Qe7 15.Qf2 Ng3+ 16.Kg1 Bxe3
17.Qxe3 Nxf1 18.Rxf1 Qa7 19.Qxa7 Rxa7 20.Na4 a5 21.Rf3 Ke7 22.Kf2 f6 23.Ke3 fxe5
24.fxe5 Rh5 25.Kd4 Rg5 26.g3 Rg4+ 27.Rf4 Rxf4+ 28.gxf4 Kd8 29.Ke3 Rf7 30.Bg6 Rf8
31.Kf3 Kc7 32.Kg4 c5 33.Nxc5 Kc6 34.Nb3 a4 35.Nd4+ Kc5 36.Nf3 Bd7 37.b3 axb3
38.cxb3 Ra8 39.a4 Rb8 40.Bc2 Rb4 41.Nxh4 Kd4 42.Ng2 Kc3 43.Bg6 Kd2 44.Kf3 Rxb3+
45.Kf2 d4 46.Ne1 Bc6 47.f5 exf5 48.Bxf5 Re3 49.Nc2 Rf3+  0-1

[Event "ch-CAN Junior"]
[Site "Toronto CAN"]
[Date "2010.05.02"]
[Round "4"]
[White "Thavandiran,S"]
[Black "Gusev,N"]
[Result "1-0"]
[WhiteElo "2323"]
[BlackElo "2079"]

1.e4 c5 2.Nf3 e6 3.d4 cxd4 4.Nxd4 Nc6 5.Nc3 d6 6.g4 a6 7.Be3 Nge7 8.Nb3 b5
9.f4 Ng6 10.h4 Nxh4 11.g5 Ng6 12.Qd2 Bb7 13.O-O-O Na5 14.Nxa5 Qxa5 15.Qf2 Qc7
16.Bd3 Qc6 17.Kb1 O-O-O 18.Ne2 Ne7 19.a4 bxa4 20.Nd4 Qd7 21.Qe2 Nc6 22.Bxa6 Nxd4
23.Rxd4 d5 24.exd5 exd5 25.Rhd1 Bc5 26.Rxd5 Qxd5 27.Rxd5 Rxd5 28.Bxb7+ Kxb7
29.Qb5+ Kc7 30.Bxc5 a3 31.Qb6+  1-0

[Event "ch-UKR"]
[Site "Alushta UKR"]
[Date "2010.05.03"]
[Round "1"]
[White "Makarevich,V"]
[Black "Izhnin,A"]
[Result "0-1"]
[WhiteElo "2063"]
[BlackElo "2360"]

1.e4 c5 2.Nf3 e6 3.d4 cxd4 4.Nxd4 Nc6 5.Nc3 Qc7 6.Be3 a6 7.Be2 Nf6 8.O-O Bb4
9.f3 O-O 10.Na4 Bd6 11.Nxc6 bxc6 12.Nb6 Rb8 13.Nc4 Bxh2+ 14.Kh1 Nh5 15.f4 Ng3+
16.Kxh2 Nxf1+ 17.Bxf1 d5 18.exd5 cxd5 19.Ne5 Rxb2 20.Bd3 f6 21.Nf3 e5 22.Bc1 Rb6
23.Be2 Bb7 24.Ba3 Re8 25.fxe5 fxe5 26.g3 d4 27.Qd3 Kh8 28.Nh4 Rh6 29.Qc4 Qxc4
30.Bxc4 g5 31.Bc1 Rc6 32.Bb3 gxh4 33.Ba4 hxg3+ 34.Kg1 Rec8 35.Bxc6 Bxc6 36.Bh6 Kg8
37.Re1 Re8 38.c3 Kf7 39.cxd4 exd4 40.Rc1 Bd5 41.Bf4 Re2 42.Bb8 Rh2  0-1

[Event "ch-CZE"]
[Site "Ostrava CZE"]
[Date "2010.05.03"]
[Round "3"]
[White "Hausner,I"]
[Black "Jedlicka,A"]
[Result "0-1"]
[WhiteElo "2451"]
[BlackElo "2293"]

1.e4 c5 2.Nc3 Nc6 3.Nge2 e6 4.d4 cxd4 5.Nxd4 Nf6 6.Ndb5 Bb4 7.Bf4 Nxe4 8.Qf3 d5
9.Nc7+ Kf8 10.O-O-O Bxc3 11.bxc3 Rb8 12.Nxd5 exd5 13.Qxe4 dxe4 14.Rxd8+ Nxd8
15.Bxb8 a6 16.Bc4 Be6 17.Rd1 Ke7 18.Bb3 f5 19.Be5 Nf7 20.Bd4 Rc8 21.f3 g6
22.fxe4 fxe4 23.Rf1 Bxb3 24.cxb3 Nd6 25.Kd2 Ke6 26.g4 b5 27.Ra1 Rc6 28.Ke3 Kd5
29.Kf4 b4 30.Be5 g5+  0-1

[Event "ch-CZE"]
[Site "Ostrava CZE"]
[Date "2010.05.03"]
[Round "3"]
[White "Krejci,Jan2"]
[Black "Votava,J"]
[Result "1-0"]
[WhiteElo "2455"]
[BlackElo "2587"]

1.e4 c5 2.Nf3 e6 3.d4 cxd4 4.Nxd4 Nc6 5.Nc3 Qc7 6.Be2 a6 7.Be3 b5 8.a3 Bb7
9.f4 Rc8 10.Nxc6 Qxc6 11.Bf3 Bc5 12.e5 Qb6 13.Bxc5 Rxc5 14.Bxb7 Qxb7 15.Qe2 Rc4
16.O-O-O Nh6 17.Rhe1 O-O 18.Ne4 Nf5 19.c3 Qc7 20.Kb1 Rd8 21.Rd3 h6 22.g4 Ne7
23.g5 Ng6 24.Rf3 hxg5 25.Nxg5 Qc5 26.Ne4 Qe7 27.Rg1 Qh4 28.b3 Rxe4 29.Qxe4 Qxh2
30.Rfg3 Qh4 31.Rg4 Qh3 32.R4g3 Qh4 33.Rg4 Qh3 34.Kb2 Rc8 35.Qd4 Qf3 36.R1g2 a5
37.R4g3 Qc6 38.Rd2 Rc7 39.c4 bxc4 40.Rc3 Qb7 41.Rxc4 Rxc4 42.Qxc4 Ne7 43.Qc5 Nc6
44.a4 g6 45.Qd6 Kg7 46.f5  1-0

[Event "ch-CZE"]
[Site "Ostrava CZE"]
[Date "2010.05.03"]
[Round "3"]
[White "Folkova,M"]
[Black "Kovar,V"]
[Result "0-1"]
[WhiteElo "2128"]
[BlackElo "2337"]

1.e4 c5 2.Nf3 e6 3.d4 cxd4 4.Nxd4 Nc6 5.Nc3 Qc7 6.Be3 a6 7.Be2 Nf6 8.O-O Be7
9.f4 d6 10.a4 O-O 11.Kh1 Re8 12.Bf3 Rb8 13.g4 Bf8 14.g5 Nd7 15.Bg2 b6 16.Qh5 g6
17.Qh4 Bb7 18.Rf3 Bg7 19.Rd1 Ne7 20.Rh3 Nf8 21.Nde2 b5 22.axb5 axb5 23.Ba7 Ra8
24.Qf2 b4 25.Nb5 Qxc2 26.Rc1 Qd2 27.Be3 Qd3 28.Nc7 Bxe4 29.Nxe8 Rxe8 30.b3 Nd5
31.Bxe4 Qxe4+ 32.Kg1 e5 33.Rc4 Qd3 34.Nc1 Qf5 35.Rg3 e4 36.Ne2 Ne6 37.h4 Nxe3
38.Rxe3 d5 39.Ng3 Qg4 40.Rxb4 Nxf4 41.Kf1 Qd1+ 42.Qe1 Qg4 43.Qd2 Rc8 44.Ra4 Qh3+
45.Ke1 d4 46.Rxd4 Bxd4 47.Qxd4 Ng2+ 48.Kd2 Nxe3 49.Qxe3 Rd8+ 50.Kc2 Qg2+
51.Ne2 Rd3  0-1

[Event "ch-CAN Junior"]
[Site "Toronto CAN"]
[Date "2010.05.03"]
[Round "6"]
[White "Sapozhnikov,R"]
[Black "Calugar,A"]
[Result "1-0"]
[WhiteElo "2207"]
[BlackElo "2147"]

1.e4 c5 2.Nf3 e6 3.d4 cxd4 4.Nxd4 Nc6 5.Nc3 Qc7 6.Be3 a6 7.Qd2 Nf6 8.O-O-O Bb4
9.f3 Ne5 10.Nb3 b5 11.Qe1 Be7 12.f4 Nc4 13.e5 Ng4 14.Bd4 Bb7 15.Bxc4 bxc4
16.Nd2 O-O 17.Qe2 f5 18.exf6 Nxf6 19.Be5 Qc6 20.Nxc4 Qxg2 21.Qxg2 Bxg2 22.Rhg1 Bc6
23.Na5 Bc5 24.Rg3 Nh5 25.Rg5 g6 26.Nxc6 dxc6 27.Rd3 Rad8 28.Kd2 Be7 29.Rg4 Nf6
30.Rg3 Nd5 31.Rgf3 Rf5 32.Ne2 c5 33.c4 Nb4 34.Rxd8+ Bxd8 35.Ng3 Rf7 36.Ne4 Rd7+
37.Ke2 Be7 38.a3 Nc6 39.Rd3 Rxd3 40.Kxd3 Nxe5+ 41.fxe5 g5 42.Kc3 Kf7 43.b4 cxb4+
44.axb4 Kg6 45.c5 Kf5 46.Kd4 Bd8 47.Nd6+ Kf4 48.Ne8 h5 49.Ng7 g4 50.Nxe6+ Kf3
51.Nxd8 h4 52.e6 g3 53.hxg3 hxg3 54.e7 g2 55.e8=Q g1=Q+ 56.Kd5 Qd1+ 57.Ke6 Qe1+
58.Kf7 Qxb4 59.Qe5 a5 60.c6 a4 61.c7 Qc4+ 62.Ne6 a3 63.Qh5+ Kg2 64.Qg5+ Kf3
65.Qf5+ Ke2 66.c8=Q Qxc8 67.Nf4+  1-0

[Event "ch-CZE"]
[Site "Ostrava CZE"]
[Date "2010.05.04"]
[Round "4"]
[White "Sikora,J"]
[Black "Haba,P"]
[Result "0-1"]
[WhiteElo "2238"]
[BlackElo "2513"]

1.e4 c5 2.Nf3 e6 3.d4 cxd4 4.Nxd4 Nc6 5.Nc3 Qc7 6.g3 a6 7.Bg2 Nf6 8.O-O Nxd4
9.Qxd4 Bc5 10.Bf4 d6 11.Qd2 h6 12.Rad1 e5 13.Be3 Be6 14.Bxc5 dxc5 15.Nd5 Bxd5
16.exd5 Qd6 17.f4 O-O 18.fxe5 Qxe5 19.c4 Qd6 20.Qf4 Ne8 21.b3 Qxf4 22.gxf4 Nd6
23.Rfe1 Rfe8 24.Re5 Kf8 25.Rde1 a5 26.Bh3 Rad8 27.a3 a4 28.Bf1 axb3 29.Rb1 f6
30.Re6 Rxe6 31.dxe6 Ke7 32.Rxb3 Kxe6 33.Bh3+ f5 34.Bg2 Nxc4 35.Bxb7 Rd1+
36.Kg2 Rd2+ 37.Kg3 Nd6 38.Bc6 Ne4+ 39.Bxe4 fxe4 40.Rb7 g5 41.fxg5 hxg5 42.a4 Rd7
43.Rb8 Kd5 44.Rg8 c4 45.Rxg5+ Kd4 46.Rg8 Rc7 47.Kf2 c3 48.Rd8+ Ke5 49.Re8+ Kf5
50.Rf8+ Ke6 51.Re8+ Kd7 52.Rxe4 c2  0-1

[Event "ch-UKR"]
[Site "Alushta UKR"]
[Date "2010.05.05"]
[Round "3"]
[White "Budnikov,O"]
[Black "Strygin,A"]
[Result "1-0"]
[WhiteElo "2391"]
[BlackElo "2261"]

1.e4 c5 2.Nc3 Nc6 3.Nf3 e6 4.d4 cxd4 5.Nxd4 d6 6.Be3 Nf6 7.f3 a6 8.Qd2 Qc7
9.O-O-O b5 10.Nxc6 Qxc6 11.e5 Nd5 12.Nxd5 exd5 13.exd6 Be6 14.Bd4 f6 15.Re1 Kf7
16.g4 Bxd6 17.g5 Bf5 18.gxf6 gxf6 19.Bd3 Bxd3 20.Qxd3 Bf4+ 21.Kb1 Qd7 22.Bc5  1-0

[Event "ch-CZE"]
[Site "Ostrava CZE"]
[Date "2010.05.05"]
[Round "5"]
[White "Sikora,J"]
[Black "Kovar,V"]
[Result "1/2-1/2"]
[WhiteElo "2238"]
[BlackElo "2337"]

1.e4 c5 2.Nc3 Nc6 3.Nf3 e6 4.d4 cxd4 5.Nxd4 Nf6 6.g3 d6 7.Bg2 Bd7 8.O-O a6
9.a4 Be7 10.h3 O-O 11.g4 Rc8 12.Nde2 h6 13.Ng3 Ne5 14.Kh2 b5 15.axb5 axb5
16.f4 Ng6 17.Be3 b4 18.Nce2 e5 19.Nf5 Bxf5 20.gxf5 Nxf4 21.Nxf4 exf4 22.Rxf4 Nd7
23.Rf2 Bf6 24.Bd4 Rc4 25.Bxf6 Nxf6 26.b3 Qb6 27.Rd2 Rxe4 28.Bxe4 Nxe4 29.Rg2 Qc5
30.Qg1 Qe5+ 31.Kh1 Ng5 32.Rf1 Nxh3 33.Qh2 Qb5 34.Rfg1 Ng5 35.f6 Qd5 36.fxg7 Kxg7
37.Qh5 Rc8 38.Rd1 Qf5 39.Rxd6 f6 40.Rdd2 Rc3 41.Qg4 Qe5 42.Rde2 Qd6 43.Rd2 Qe5
44.Rde2 Qd6 45.Rd2  1/2-1/2

[Event "40th Bosna Open"]
[Site "Sarajevo BIH"]
[Date "2010.05.06"]
[Round "2"]
[White "Petrosian,DG"]
[Black "Nisipeanu,LD"]
[Result "1-0"]
[WhiteElo "2490"]
[BlackElo "2672"]

1.e4 c5 2.Nf3 e6 3.Nc3 Nc6 4.d4 cxd4 5.Nxd4 Qc7 6.Be3 a6 7.Qd2 Nf6 8.O-O-O Bb4
9.f3 O-O 10.Kb1 d5 11.Nxc6 bxc6 12.e5 Bxc3 13.Qxc3 Nd7 14.f4 c5 15.f5 Bb7
16.Bf4 f6 17.fxe6 Nxe5 18.Re1 Rae8 19.Bxe5 fxe5 20.Qxe5 Qxe5 21.Rxe5 Rf6
22.Be2 Rfxe6 23.Rxe6 Rxe6 24.Bf3 Bc6 25.Rf1 Rd6 26.c3 Bd7 27.Kc2 a5 28.Re1 Kf7
29.c4 dxc4 30.Re5 Bc6 31.Bxc6 Rxc6 32.Kc3 Rf6 33.Rxc5 Rf2 34.Rxa5 Rxg2 35.Rh5 Kg6
36.Rh3 Rf2 37.a4 h5 38.a5 Kh6 39.Re3 Rxh2 40.a6 Rf2 41.Re8 Rf7 42.Kxc4 g5
43.b4 g4 44.Rg8 Rf4+ 45.Kc5 Rf5+ 46.Kd4 Rf4+ 47.Ke5 Rxb4 48.a7 Rb5+ 49.Kf4 Rb4+
50.Ke3 Rb3+ 51.Kd4 Rb4+ 52.Kc3 Ra4 53.a8=Q Rxa8 54.Rxa8 Kg5 55.Kd3 Kf4 56.Ke2  1-0

[Event "ch-CZE"]
[Site "Ostrava CZE"]
[Date "2010.05.07"]
[Round "7"]
[White "Petr,Ma"]
[Black "Orsag,Mil1"]
[Result "1-0"]
[WhiteElo "2511"]
[BlackElo "2419"]

1.e4 c5 2.Nf3 e6 3.d4 cxd4 4.Nxd4 Nc6 5.Nc3 d6 6.Be3 Nf6 7.f4 Be7 8.Qf3 O-O
9.O-O-O Bd7 10.Rg1 Nxd4 11.Bxd4 Bc6 12.g4 Nd7 13.g5 e5 14.Be3 exf4 15.Bxf4 Nc5
16.Bc4 g6 17.h4 Ne6 18.h5 Nxf4 19.Qxf4 Kh8 20.e5 dxe5 21.Qxe5+ f6 22.Qe6 Qe8
23.hxg6 Bc5 24.gxf6  1-0

[Event "40th Bosna Open"]
[Site "Sarajevo BIH"]
[Date "2010.05.07"]
[Round "3"]
[White "Kosintseva,N"]
[Black "Van Oosterom,C"]
[Result "1-0"]
[WhiteElo "2553"]
[BlackElo "2416"]

1.e4 c5 2.Nf3 e6 3.d4 cxd4 4.Nxd4 Nc6 5.Nc3 a6 6.Nxc6 bxc6 7.Bd3 d5 8.O-O Nf6
9.Re1 Be7 10.e5 Nd7 11.Qg4 g6 12.Na4 Nb6 13.Bh6 Nxa4 14.Qxa4 Rb8 15.Qxc6+ Bd7
16.Qxa6 Bc5 17.Bg7 Rg8 18.Bf6 Qc7 19.c3 Rb6 20.Qa5 Bxf2+ 21.Kh1 Bxe1 22.Rxe1 Bc6
23.b4 Kd7 24.Qc5 Ba4 25.Qd4 Kc8 26.Be7 Kb7 27.Bd6 Qd7 28.Bc5 Rb5 29.c4 Rxc5
30.bxc5 Bc6 31.Rb1+ Kc7 32.Qb2 Ra8 33.Qb6+ Kc8 34.a4 Qb7 35.cxd5 Qxb6 36.Rxb6 Bxd5
37.Bb5 Kc7 38.Kg1 Bb3 39.Rc6+ Kb7 40.Rb6+ Kc7 41.Rd6 Bxa4 42.Rd7+ Kc8 43.Bxa4 Rxa4
44.Rxf7 Re4 45.Rxh7 Rxe5 46.c6 Rc5 47.Rg7 Rxc6 48.Rxg6 Kd7 49.Kf2 Ke7 50.h4 Kf7
51.h5 Rc5 52.g4 Ra5 53.Kg3 Rb5 54.Kh4 Ra5 55.Rg5 Ra4 56.h6 Ra8 57.Rg7+ Kf8
58.Kh5 e5 59.Rg5  1-0

[Event "40th Bosna Open"]
[Site "Sarajevo BIH"]
[Date "2010.05.07"]
[Round "3"]
[White "Brkic,A"]
[Black "Jakovljevic,Vlado"]
[Result "1-0"]
[WhiteElo "2573"]
[BlackElo "2395"]

1.e4 c5 2.Nf3 e6 3.d4 cxd4 4.Nxd4 Nc6 5.Nc3 a6 6.Be2 d6 7.Be3 Be7 8.a4 Nf6
9.O-O O-O 10.f4 e5 11.Nxc6 bxc6 12.Kh1 exf4 13.Bxf4 Be6 14.Qe1 Nd7 15.Rd1 Qc7
16.a5 Ne5 17.Na4 Qb7 18.Nb6 Rad8 19.Qg3 f6 20.h3 Kh8 21.Bxe5 dxe5 22.Qc3 Rd4
23.Rxd4 exd4 24.Qxd4 Rd8 25.Qc3 Bd6 26.Rxf6 Qe7 27.Rf1 Bg8 28.Bc4 Qxe4 29.Bxg8 Rxg8
30.Nc4 Bb8 31.b3 Re8 32.Qe3 Qg6 33.Qe7 Rg8 34.Rf8 Bg3 35.Qd8 Qe6 36.Rxg8+ Qxg8
37.Qxg8+ Kxg8 38.Kg1 Kf7 39.Kf1 Ke6 40.Ke2 Kd5 41.Kd3 Bc7 42.b4 c5 43.c3 cxb4
44.cxb4 h5 45.Ne3+ Ke5 46.Kc4 Ke4 47.Nd5 Bd6 48.Nb6 h4 49.b5 axb5+ 50.Kxb5 Bb8
51.Kc6  1-0

[Event "ch-UKR"]
[Site "Alushta UKR"]
[Date "2010.05.09"]
[Round "7"]
[White "Kalinina,M"]
[Black "Rybakov,S UKR"]
[Result "1-0"]
[WhiteElo "1979"]
[BlackElo "2034"]

1.e4 c5 2.Nf3 Nc6 3.Nc3 e6 4.d4 cxd4 5.Nxd4 Nf6 6.Be3 Bb4 7.Bd3 d5 8.Nxc6 bxc6
9.exd5 exd5 10.Bd2 O-O 11.O-O Bg4 12.Ne2 Bd6 13.Qc1 Re8 14.Ng3 Qc7 15.c4 h5
16.Re1 h4 17.Nf1 h3 18.cxd5 hxg2 19.Kxg2 Nxd5 20.Be4 Qd7 21.Ng3 f5 22.Bxd5+ cxd5
23.Rxe8+ Rxe8 24.Bf4 Rc8 25.Qd2 Bxf4 26.Qxf4 Qb7 27.h3 d4+ 28.Kh2 Qxb2 29.Rg1 Rc2
30.Rg2 d3 31.hxg4 d2 32.Qd6 Qf6 33.Qd5+ Kh8 34.Nxf5 Qg5 35.Kg3 Rc6 36.Qxc6 d1=Q
37.Qe8+ Kh7 38.Rh2+  1-0

[Event "ch-CZE"]
[Site "Ostrava CZE"]
[Date "2010.05.09"]
[Round "9"]
[White "Krejci,Jan2"]
[Black "Haba,P"]
[Result "1/2-1/2"]
[WhiteElo "2455"]
[BlackElo "2513"]

1.e4 c5 2.Nf3 e6 3.d4 cxd4 4.Nxd4 Nc6 5.Nc3 Qc7 6.Be2 a6 7.Be3 Nf6 8.a3 b5
9.Nxc6 dxc6 10.f4 Bb7 11.O-O Be7 12.e5 Rd8 13.Qe1 Nd7 14.Ne4 c5 15.Nd6+ Bxd6
16.exd6 Qxd6 17.Rd1 Qe7 18.Qa5 O-O 19.a4 Nf6 20.axb5 Rxd1 21.Rxd1 Nd5 22.Bc1 axb5
23.Qxb5 Ra8 24.Bf3 c4 25.Qxc4 Rc8 26.Qb3 Qc5+ 27.Kh1 Qxc2 28.Qxb7 Qxc1 29.h3 Qc2
30.f5 Rf8 31.Ra1 Qxf5 32.b4 Qe5 33.Rd1 Rb8 34.Qd7 g6 35.Bxd5 exd5 36.b5 d4
37.Rb1 Qf6 38.Rc1 Qd8 39.Rc7 Qxd7 40.Rxd7 Rxb5 41.Rxd4 g5 42.h4 h6 43.hxg5 hxg5
44.Kh2 Kg7 45.g4 Kf6 46.Rd7 Ke6 47.Ra7 f6 48.Kg3 Rb3+ 49.Kg2 Rd3 50.Ra5 Rd5
51.Ra3 Ke5 52.Kf3 f5  1/2-1/2

[Event "ch-CZE"]
[Site "Ostrava CZE"]
[Date "2010.05.09"]
[Round "9"]
[White "Hracek,Z"]
[Black "Babula,V"]
[Result "1-0"]
[WhiteElo "2632"]
[BlackElo "2536"]

1.e4 c5 2.Nf3 e6 3.d4 cxd4 4.Nxd4 Nc6 5.Nc3 d6 6.Be3 Nf6 7.f4 Be7 8.Qf3 O-O
9.O-O-O Qc7 10.Ndb5 Qb8 11.g4 a6 12.Nd4 Nxd4 13.Bxd4 e5 14.g5 Bg4 15.Qg3 exd4
16.Rxd4 Be6 17.f5 Nxe4 18.Nxe4 Bxf5 19.Nf6+ gxf6 20.gxf6+ Bg6 21.fxe7 Re8
22.h4 d5 23.Rf4 Rxe7 24.h5 Re1+ 25.Kd2 Re4 26.Rg4 f5 27.Qxb8+ Rxb8 28.Rgg1 Kg7
29.Bd3 Re5 30.Kc3  1-0

[Event "ch-Commonwealth"]
[Site "Delhi IND"]
[Date "2010.05.10"]
[Round "1"]
[White "Sunyasakta,S"]
[Black "Venkatesh,M"]
[Result "0-1"]
[WhiteElo "1846"]
[BlackElo "2452"]

1.e4 c5 2.Nf3 Nc6 3.d4 cxd4 4.Nxd4 e6 5.Nc3 Qc7 6.Be3 a6 7.Be2 Nf6 8.O-O Bb4
9.f3 O-O 10.Kh1 Rd8 11.Qe1 d5 12.exd5 Nxd5 13.Nxd5 Rxd5 14.Qf2 Nxd4 15.Bxd4 e5
16.Bc3 Bxc3 17.bxc3 Bf5 18.f4 Qxc3 19.fxe5 Rxe5 20.Bd3 g6 21.Qf3 Qc7 22.Rab1 Rb8
23.Qg3 Bxd3 24.cxd3 Rc5 25.Qxc7 Rxc7 26.Kg1 Rd8 27.Rfd1 Rd4 28.Rd2 b5 29.Kf2 Kg7
30.Ke3 Ra4 31.d4 Kf6 32.Rf1+ Ke7 33.d5 Rc3+ 34.Ke2 Re4+ 35.Kd1 f5 36.Rc2 Rxc2
37.Kxc2 Kd6 38.Rf2 Kxd5 39.Kb3 a5 40.Rd2+ Kc5 41.a3 Re3+ 42.Kb2 g5 43.Rf2 f4
44.Rc2+ Kd4 45.Rc7 Re2+ 46.Kb3 Rxg2 47.Rxh7 f3  0-1

[Event "ch-Commonwealth"]
[Site "Delhi IND"]
[Date "2010.05.10"]
[Round "2"]
[White "Lakshmi,Sah"]
[Black "Ashwin,J"]
[Result "0-1"]
[WhiteElo "2154"]
[BlackElo "2457"]

1.e4 c5 2.Nf3 e6 3.d4 cxd4 4.Nxd4 Nc6 5.Nc3 Qc7 6.Be2 a6 7.O-O Nf6 8.Be3 Be7
9.a4 O-O 10.Kh1 d6 11.f4 Re8 12.Bf3 Bd7 13.Qd2 Nxd4 14.Bxd4 Bc6 15.a5 Nd7
16.Na4 Bxa4 17.Rxa4 e5 18.Be3 exf4 19.Bxf4 Bf8 20.Rd4 Ne5 21.Bxe5 Rxe5 22.Be2 Rc5
23.Bd3 Re8 24.b4 Rc3 25.Qe2 d5 26.Rxd5 Bxb4 27.Qg4 Bd6 28.Rdf5 Re7 29.Rg5 Be5
30.h4 Rc5 31.h5 h6 32.Rgf5 Rxa5 33.R5f2 Ra1 34.Rxa1 Bxa1 35.e5 Rxe5 36.Re2 Rxe2
37.Qxe2 Kf8 38.Qe4 Be5 39.Bc4 Qa5 40.g4 Qc3 41.Bd3 a5 42.Qxb7 Qe1+ 43.Kg2 Qg3+
44.Kf1 Qf4+ 45.Ke1 Bc3+ 46.Ke2 Qxg4+ 47.Kf1 Qh3+ 48.Kf2 Bd4+ 49.Ke1 Qh4+
50.Kd2 Qg5+ 51.Ke1 Qe7+ 52.Qxe7+ Kxe7 53.Bb5 g5 54.hxg6 fxg6 55.Ke2 Kd6 56.Kd3 Ke5  0-1